Taking responsibility proceedings of the second international conference of The Consumer Citizenship Network, Bratislava, 2005
Gespeichert in:
| Körperschaft: | |
|---|---|
| Weitere Verfasser: | , |
| Format: | Buch |
| Sprache: | Englisch |
| Veröffentlicht: |
Hedmark
Hogskolen i Hedmark
2005
|
| Schlagworte: | |
| Tags: |
Keine Tags, Fügen Sie das erste Tag hinzu!
|
MARC
| LEADER | 00000nam$a2200000$$$4500 | ||
|---|---|---|---|
| 001 | 0053252 | ||
| 005 | 20240104134031.4 | ||
| 020 | |a 80-7671-495-1 | ||
| 022 | |a 1501-858X | ||
| 041 | 0 | |a eng | |
| 044 | |a NO | ||
| 245 | 1 | 0 | |a Taking responsibility |b proceedings of the second international conference of The Consumer Citizenship Network, Bratislava, 2005 |c zost. Dag Tangen, Victoria W. Thoresen |
| 264 | 1 | |a Hedmark |b Hogskolen i Hedmark |c 2005 | |
| 300 | |a 299 s. | ||
| 610 | 2 | 0 | |a spotrebitelia |
| 610 | 2 | 0 | |a mestá |
| 610 | 2 | 0 | |a spoločnosť |
| 610 | 2 | 0 | |a zodpovednosť |
| 610 | 2 | 0 | |a právo |
| 610 | 2 | 0 | |a zdravie |
| 610 | 2 | 0 | |a sociológia |
| 700 | 1 | |a Tangen, Dag | |
| 700 | 1 | |a Thoresen, Victoria W. | |
| 710 | 2 | |a Ekonomická univerzita v Bratislave | |